Escudos de las comunidades y ciudades autónomas de España - Estadísticas

Estadísticas generales
  • Esta prueba ha sido intentada 53 veces
  • La puntuación promedio es 16 de 19
Estadísticas de respuestas
Imagen Respuesta % Correcto
Andalucía
100%
Castilla y León
100%
Principado de Asturias
100%
Comunidad de Madrid
98%
Cataluña
95%
Castilla-La Mancha
90%
Galicia
90%
Región de Murcia
88%
Islas Baleares
86%
Comunidad Foral de Navarra
83%
Islas Canarias
81%
Cantabria
79%
Aragón
76%
Comunidad Valenciana
76%
País Vasco
71%
Extremadura
69%
Ceuta
67%
Melilla
64%
La Rioja
62%
No se encontraron pruebas coincidentes
Distribución de puntuación
Porcentaje de gente con cada puntuación
Porcentaje por número respondido
Historial de tus puntuaciones
No has intentado esta prueba.